| 000 | 00401nam a2200157Ia 4500 | ||
|---|---|---|---|
| 008 | 230516s2006 xx 000 0 und d | ||
| 041 | _amar | ||
| 082 | _a621.381`95 1 | ||
| 100 | _aVIRKAR PRATIBHA | ||
| 245 | _aMAHITI SAMPARK TANTRADNYAN ANI SHIKSHAN | ||
| 250 | _aI | ||
| 260 |
_aPUNE _c2006 |
||
| 300 | _a332 | ||
| 650 | _aCMPUTER | ||
| 906 | _aMAHITI SAMPARK TANTRADNYAN ANI SHIKSHAN, CMPUTER | ||
| 999 |
_c359513 _d359513 |
||